00817cam a2200193 a 450000100100000000500170001000800410002704000300006808200250009810000220012324500470014525000120019226000850020430000110028950002030030050400560050360000350055965000290059400001805920260305073955.0821011s1968 ve b 001 0 spa d aDO-SdBNPbspacDLCdBNPHU a923.587bB689b, 19681 aBeaujón, Oscar.13aEl Libertador enfermo. /cOscar Beaujón. a2a. ed. aCaracas, Venezuela :b[Sociedad Venezolana de Historia de la Medicina],c[1968]. a150 p. a"Trabajo presentado a la Reunión sobre la Enfermedad Causal de la Muerte del Libertador, realizada bajo los auspicios de la Sociedad Venezolana de Historia de la Medicina, el 27 de junio de 1963." aIncluye referencias bibliográficas (p. [121]-142)10aBolívar, Simón,d1783-1830 4aCronología histórica